000
00265nam a22001217a 4500
008
180310b xxu||||| |||| 00| 0 eng d
041
_a
eng
080
_a
342
100
_a
14
101
_a
SHJ
245
_a
Profit & The Practice of Law
_c
Trotter
942
_2
udc
_c
BK
999
_c
44645
_d
44645